Outlive : (Record no. 387020)
[ view plain ]
| 000 -LEADER | |
|---|---|
| fixed length control field | 02454nam a2200553 i 4500 |
| 001 - CONTROL NUMBER | |
| control field | 3384925 |
| 005 - DATE AND TIME OF LATEST TRANSACTION | |
| control field | 20230817120348.0 |
| 008 - FIXED-LENGTH DATA ELEMENTS--GENERAL INFORMATION | |
| fixed length control field | 230320s2023 nyu b 001 0 eng d |
| 020 ## - INTERNATIONAL STANDARD BOOK NUMBER | |
| International Standard Book Number | 9780593236598 : |
| Terms of availability | $32.00 |
| 020 ## - INTERNATIONAL STANDARD BOOK NUMBER | |
| International Standard Book Number | 0593236599 : |
| Terms of availability | $32.00 |
| 020 ## - INTERNATIONAL STANDARD BOOK NUMBER | |
| Cancelled/invalid ISBN | 9780593236604 |
| 035 ## - SYSTEM CONTROL NUMBER | |
| System control number | (OCoLC)on1317832653 |
| 040 ## - CATALOGING SOURCE | |
| Original cataloging agency | PABRO |
| Language of cataloging | eng |
| Description conventions | rda |
| Transcribing agency | PABRO |
| 050 #4 - LIBRARY OF CONGRESS CALL NUMBER | |
| Classification number | RA776.75 |
| Item number | A88 2023 |
| 082 04 - DEWEY DECIMAL CLASSIFICATION NUMBER | |
| Classification number | 612.6/8 |
| Edition number | 23 |
| 092 ## - LOCALLY ASSIGNED DEWEY CALL NUMBER (OCLC) | |
| Classification number | general nonfiction |
| Item number | 612.68 Attia |
| 100 1# - MAIN ENTRY--PERSONAL NAME | |
| Personal name | Attia, Peter, |
| Relator term | author. |
| 9 (RLIN) | 6472148 |
| 245 10 - TITLE STATEMENT | |
| Title | Outlive : |
| Remainder of title | the science & art of longevity / |
| Statement of responsibility, etc | Peter Attia, MD, with Bill Gifford. |
| 250 ## - EDITION STATEMENT | |
| Edition statement | First edition. |
| 264 #1 - Production, Publication, Distribution, Manufacture, and Copyright Notice. | |
| Place of production, publication, distribution, manufacture | New York : |
| Name of producer, publisher, distributor, manufacturer | Harmony, |
| Date of production, publication, distribution, manufacture, or copyr | [2023] |
| 300 ## - PHYSICAL DESCRIPTION | |
| Extent | 482 pages : |
| Other physical details | illustrations ; |
| Dimensions | 24 cm |
| 336 ## - Content Type | |
| Content type term | text |
| 337 ## - Media type | |
| Media type term | unmediated |
| 338 ## - Carrier type | |
| Carrier type term | volume |
| 504 ## - BIBLIOGRAPHY, ETC. NOTE | |
| Bibliography, etc | Includes bibliographical references (pages 417-470) and index. |
| 650 #0 - SUBJECT ADDED ENTRY--TOPICAL TERM | |
| Topical term or geographic name as entry element | Longevity. |
| 650 #0 - SUBJECT ADDED ENTRY--TOPICAL TERM | |
| Topical term or geographic name as entry element | Aging. |
| 650 #0 - SUBJECT ADDED ENTRY--TOPICAL TERM | |
| Topical term or geographic name as entry element | Health. |
| 650 #7 - SUBJECT ADDED ENTRY--TOPICAL TERM | |
| Topical term or geographic name as entry element | HEALTH & FITNESS / Longevity. |
| Source of heading or term | bisacsh |
| 9 (RLIN) | 6022858 |
| 650 #7 - SUBJECT ADDED ENTRY--TOPICAL TERM | |
| Topical term or geographic name as entry element | SCIENCE / Life Sciences / Human Anatomy & Physiology. |
| Source of heading or term | bisacsh |
| 9 (RLIN) | 5742284 |
| 650 #7 - SUBJECT ADDED ENTRY--TOPICAL TERM | |
| Topical term or geographic name as entry element | SELF-HELP / Aging. |
| Source of heading or term | bisacsh |
| 9 (RLIN) | 5742541 |
| 942 ## - ADDED ENTRY ELEMENTS (KOHA) | |
| Source of classification or shelving scheme | Dewey Decimal Classification |
| Koha item type | BOOK |
| Withdrawn status | Lost status | Source of classification or shelving scheme | Damaged status | Not for loan | Collection code | Home library | Current library | Shelving location | Date acquired | Source of acquisition | Total Checkouts | Total Renewals | Full call number | Barcode | Date last seen | Date checked out | Cost, replacement price | Price effective from | Koha item type |
|---|---|---|---|---|---|---|---|---|---|---|---|---|---|---|---|---|---|---|---|
| Dewey Decimal Classification | General NonFiction | Wasatch County Library | Wasatch County Library | Second Floor | 08/17/2023 | Amazon | 13 | 11 | 612.68 Attia | 34301002036483 | 01/27/2026 | 12/02/2025 | 32.00 | 08/17/2023 | BOOK |
